Riconosci il Trasferimento - Quiz n°25 - Statistics

Statistiche generali
  • Questo quiz è stato fatto 365 volte
  • Il punteggio medio è 15 su 20
Statistiche sulle risposte
Ruolo Nazione Trasferimenti Calciatore % Corretto
Attaccante Senegal Metz 2011 - Red Bull Salisburgo 2012 - Southampton 2014 - Liverpool 2016 - Bayern Monaco 2022 Sadio Mané
96%
Centrocampista Spagna Arsenal 2004 - Barcellona 2011 - Chelsea 2014 - Monaco 2019 - Como 2022 Cesc Fàbregas
86%
Centrocampista Stati Uniti Schalke 04 2017 - Juventus 2020 - Leeds Utd 2023 - Juventus 2023 Weston McKennie
86%
Attaccante Italia Milan 2016 - Wolverhampton 2019 - Fiorentina 2020 - Wolverhampton 2021 - Valencia 2021 - Empoli 2021 - Como 2022 Patrick Cutrone
85%
Difensore Spagna Valencia 2003 - Getafe 2004 - Valencia 2005 - Real Madrid 2009 - Napoli 2013 - Villarreal 2019 Raúl Albiol
84%
Centrocampista Inghilterra Chelsea 2014 - Crystal Palace 2017 - Chelsea 2018 - Fulham 2020 - Chelsea 2021 - Milan 2023 Ruben Loftus-Cheek
84%
Portiere Germania Stoccarda II 2009 - Bayer Leverkusen 2011 - Arsenal 2018 - Fulham 2022 Bernd Leno
81%
Centrocampista / Attaccante Italia Bellaria 2012 - Venezia 2014 - Hellas Verona 2015 - Cittadella 2016 - Hellas Verona 2016 - Lazio 2021 Mattia Zaccagni
79%
Centrocampista Spagna Las Palmas 2019 - Barcellona 2020 Pedri
78%
Attaccante Albania / Kosovo Liria 2011 - Teuta 2013 - Besa Kavajë 2014 - Giresunspor 2014 - Gençlerbirliği 2016 - Çaykur Rizespor 2018 - Fenerbahçe 2019 -Lazio 2020 - Maiorca 2022 Vedat Muriqi
78%
Attaccante Paesi Bassi Groningen 2000 - PSV 2002 - Chelsea 2004 - Real Madrid 2007 - Bayern Monaco 2009 - Groningen 2020 Arjen Robben
76%
Difensore Brasile Juventude 2002 - Lilla 2004 - Charleroi 2006 - Standard Liegi 2007 - Borussia Mönchengladbach 2009 - Bayern Monaco 2012 - Wolfsburg 2015 - Nizza 2016 Dante
75%
Attaccante Italia Jong PSV 2015 - Sassuolo 2017 - Cremonese 2018 - PEC Zwolle 2018 - Sassuolo 2019 - Ascoli 2019 - Genoa 2020 - Sassuolo 2021 - West Ham Utd 2022 Gianluca Scamacca
75%
Centrocampista Brasile San Paolo 2008 - Internacional 2010 - Chelsea 2012 - Shanghai Port 2016 Oscar
69%
Centrocampista Italia Atalanta 2013 - Cesena 2014 - Spezia 2014 - Vicenza 2015 - Atalanta 2016 - Inter 2017 - Monza 2023 Roberto Gagliardini
69%
Attaccante Croazia Hajduk Spalato 2005 - Pola 2006 - Sebenico 2007 - Hajduk Spalato 2007 - Blackburn 2009 - Dnipro 2011 - Fiorentina 2015 - Milan 2017 - Atletico Madrid 2018 - Roma 2019 - Hellas Verona 2022 - Hajduk Spalato Nikola Kalinić
65%
Attaccante Francia / Costa d'Avorio Chelsea 2014 - Rennes 2015 - Granada 2016 - Birmingham City 2017 - Sassuolo 2018 - Atalanta 2022 Jérémie Boga
63%
Centrocampista Francia Grenoble 2010 - Batia 2011 - Olympique Marsiglia 2013 - Newcastle Utd 2015 - Olympique Marsiglia 2016 - Tigres UANL 2021 - Udinese 2023 Florian Thauvin
60%
Centrocampista Spagna Real Saragozza 2008 - Atheltic Bilbao 2011 - Manchester United 2014 - Paris Saint-Germain 2019 - Athletic Bilbao 2022 Ander Herrera
53%
Difensore Italia Bagheria 1994- Juventus 1996 - Reggina 1998 - Crotone 1998 - Fiorentina 2002 - Ascoli 2002 - Messina 2003 - Reggina 2006 - Napoli 2008 - Palermo 2013 - Reggina 2015 Salvatore Aronica
32%
Nessun quiz corrispondente trovato
Distribuzione punteggi
Percentuale di utenti per punteggio
Percentile per numero di risposta
I tuoi punteggi nel tempo
Non hai fatto questo quiz